World religions / (Record no. 32590)
[ view plain ]
| 000 -LEADER | |
|---|---|
| fixed length control field | 00875cam a2200277 a 4500 |
| 001 - CONTROL NUMBER | |
| control field | 32590 |
| 003 - CONTROL NUMBER IDENTIFIER | |
| rucl marc code | BD-RjUL |
| 005 - DATE AND TIME OF LATEST TRANSACTION | |
| control field | 20211209051848.0 |
| 008 - FIXED-LENGTH DATA ELEMENTS--GENERAL INFORMATION | |
| fixed length control field | 140427s2006 nyua bf 001 0 eng |
| 020 ## - INTERNATIONAL STANDARD BOOK NUMBER | |
| International Standard Book Number | 9781405314398 |
| International Standard Book Number | 1405314397 |
| 035 ## - SYSTEM CONTROL NUMBER | |
| System control number | (BD-RjUL)32679 |
| 040 ## - CATALOGING SOURCE | |
| Original cataloging agency | DLC |
| Transcribing agency | DLC |
| Modifying agency | DLC |
| Language of cataloging | eng |
| 041 ## - LANGUAGE CODE | |
| Language code of text/sound track or separate title | eng |
| 082 00 - DEWEY DECIMAL CLASSIFICATION NUMBER | |
| Classification number | 200 |
| Edition number | 22 |
| Author mark and year | BOW 2006 |
| 100 1# - MAIN ENTRY--PERSONAL NAME | |
| Personal name | Bowker, John Westerdale. |
| 9 (RLIN) | 99162 |
| 245 10 - TITLE STATEMENT | |
| Title | World religions / |
| Statement of responsibility, etc. | John Bowker ; contributing consultants, David Bowker ... [et al.]. |
| 260 ## - PUBLICATION, DISTRIBUTION, ETC. (IMPRINT) | |
| Place of publication, distribution, etc. | New York : |
| Name of publisher, distributor, etc. | DK Pub., |
| Date of publication, distribution, etc. | c2006. |
| 300 ## - PHYSICAL DESCRIPTION | |
| Pagination | 216 p. : |
| Illustrations | ill. (chiefly col.) ; |
| Size | 29 cm. |
| 504 ## - BIBLIOGRAPHY, ETC. NOTE | |
| Bibliography, etc | Includes bibliographical references (p. 211) and index. |
| 650 #0 - SUBJECT ADDED ENTRY--TOPICAL TERM | |
| Topical term or geographic name as entry element | Religions |
| Form subdivision | Handbooks, manuals, etc. |
| 9 (RLIN) | 99163 |
| Topical term or geographic name as entry element | Religion |
| Form subdivision | Handbooks, manuals, etc. |
| 9 (RLIN) | 99164 |
| 942 ## - ADDED ENTRY ELEMENTS (KOHA) | |
| Source of classification or shelving scheme | Dewey Decimal Classification |
| Koha item type | Books |
| Lost status | Source of classification or shelving scheme | Damaged status | Not for loan | Collection code | Permanent Location | Current Location | Shelving location | Date acquired | Source of acquisition | Cost, normal purchase price | Total Checkouts | Full call number | Date last seen | Copy number | Koha item type |
|---|---|---|---|---|---|---|---|---|---|---|---|---|---|---|---|
| Dewey Decimal Classification | Not For Loan | Non-fiction | Central Library, University of Rajshahi | Central Library, University of Rajshahi | Reading Room | 01/04/2009 | Dhaka, Paragon Enterprises Ltd. | 12.99 | 200 BOW 2006 | 27/04/2014 | C-1 | Books |